书目信息 |
| 题名: |
异邦骑士
|
|
| 作者: | 岛田庄司 , 岛田庄司 著 ;王鹏帆 译 | |
| 分册: | ||
| 出版信息: | 北京 新星出版社 2009.04 |
|
| 页数: | 357页 | |
| 开本: | 22cm | |
| 丛书名: | 午夜文库 | |
| 单 册: | ||
| 中图分类: | I313.45 | |
| 科图分类: | ||
| 主题词: | 侦探小说 , 侦探小说--日本--现代 , 长篇小说--日本--现代 , 长篇小说 | |
| 电子资源: | ||
| ISBN: | 978-7-80225-645-3 | |
| 000 | 01002oam2 2200325 450 | |
| 001 | 1134481775 | |
| 005 | 20111213093540.79 | |
| 010 | @a978-7-80225-645-3@dCNY29.00 | |
| 090 | @aI313.45@bdtz | |
| 096 | @aI313.45@bdtz | |
| 100 | @a20091218d2009 em y0chiy50 ea | |
| 101 | 1 | @achi@cjpn |
| 102 | @aCN@b110000 | |
| 105 | @aa z 000ay | |
| 200 | 1 | @a异邦骑士@9yi bang qi shi@b专著@f(日)岛田庄司著@F(ri)dao tian zhuang si zhu@g王鹏帆译 |
| 210 | @a北京@c新星出版社@d2009.04 | |
| 215 | @a357页@c照片@d22cm | |
| 225 | 2 | @a午夜文库@i大师系列@v084 |
| 300 | @a岛田庄司推理小说 御手洗洁系列 | |
| 462 | 0 | @1001003890119 |
| 606 | 0 | @a侦探小说 |
| 606 | 0 | @a侦探小说@y日本@z现代 |
| 606 | 0 | @a长篇小说@y日本@z现代 |
| 606 | 0 | @a长篇小说 |
| 690 | @aI313.45@v4 | |
| 701 | 0 | @c(日)@a岛田庄司@c(Shimada Soji@f1948.10~)@9dao tian zhuang si@4著 |
| 701 | 0 | @a岛田庄司@Adao tian zhuang si@4著 |
| 702 | 0 | @a王鹏帆@9wang peng fan@4译 |
| 801 | 0 | @aCN@bCL@c20090429 |
| 905 | @aZUCC@dI313.45@eD19010 | |
| 异邦骑士/(日)岛田庄司著/王鹏帆译.-北京:新星出版社,2009.04 |
| 357页:照片;22cm.-(午夜文库.大师系列;084) |
| 岛田庄司推理小说 御手洗洁系列 |
| ISBN 978-7-80225-645-3:CNY29.00 |
| ● |
| 相关链接 |
|
|
|
正题名:异邦骑士
索取号:I313.45/D19010
 
预约/预借
| 序号 | 登录号 | 条形码 | 馆藏地/架位号 | 状态 | 备注 |
| 1 | 827768 | 208277684 | 社科二线422/422社科库 7排2列3层/ [索取号:I313.45/D19010] | 在馆 | |
| 2 | 827769 | 208277693 | 社科二线422/422社科库 4排1列2层/ [索取号:I313.45/D19010] | 在馆 | |
| 3 | 827770 | 208277700 | 文学库116/116文学库 14排3列1层/ [索取号:I313.45/D19010] | 在馆 |